[Event "EU-Cup 13th final"]
[Site "Kazan"]
[Date "1997.12.30"]
[Round "3"]
[White "Lev, Ronen"]
[Black "Agrest, Evgenij"]
[Result "1/2-1/2"]
[WhiteElo "2455"]
[BlackElo "2505"]
[Annotator "Tyomkin,D"]
[PlyCount "71"]
[EventDate "1997.12.28"]
[EventType "team-k.o."]
[EventRounds "4"]
[EventCountry "RUS"]
[SourceTitle "EXT 2020"]
[Source "ChessBase"]
[SourceDate "2019.10.17"]
[SourceVersion "1"]
[SourceVersionDate "2019.10.17"]
[SourceQuality "1"]
[WhiteTeam "Herzliya Chess Club"]
[BlackTeam "Graz Merkur Versicherung"]
[WhiteTeamCountry "ISR"]
[BlackTeamCountry "AUT"]

1. Nf3 d6 2. d4 g6 3. c4 f5 4. g3 Bg7 5. Bg2 Nf6 6. O-O O-O 7. Nc3 c6 8. b3 Qa5
9. Bd2 (9. Bb2 {Tyomkin,D} e5 10. Qd2 Ng4 (10... Qc7 11. dxe5 dxe5 12. e4 Na6
13. exf5 Bxf5 14. Rad1 (14. Qe2 $6 Rfe8 15. h3 Nb4 16. Rad1 $2 Bd3 17. Rxd3
Nxd3 18. Qxd3 e4 $17 {0-1 Lugovoi,A-Agrest,E/St.Petersburg op2 1994/EXP 43 (25)
}) 14... Rfe8 15. h3 Nc5 16. Qe3 Nd3 17. Ba1 Nb4 18. Ne1 h5 19. a3 Nc2 20. Nxc2
Bxc2 21. Rd2 Bxb3 22. Nb5 cxb5 23. Qxb3 bxc4 24. Qxb7 Rac8 {[%emt 0:00:18] 1/
2-1/2 Polugaevsky,L-Dolmatov,S/Reykjavik op 1990/EXP}) (10... Re8 11. Rad1 Nbd7
12. Rfe1 Nh5 13. e3 $1 Qd8 $2 (13... Qc7 $1) 14. dxe5 dxe5 15. e4 $16 {Gagarin,
V-Litus,V/Czestochowa/1990/1-0 (24)}) 11. h3 $146 Nh6 12. d5 (12. Rad1 $5)
12... Nf7 13. dxc6 $6 (13. a3 $5) 13... bxc6 14. e4 f4 15. Ne2 $6 (15. Rad1 $5)
15... Qxd2 16. Nxd2 fxg3 17. fxg3 Na6 18. Rad1 Nb4 19. c5 $2 (19. a3 $5 {
Tyomkin,D} Nc2 20. Rf3 Ng5 21. Rxf8+ Kxf8 22. Rf1+ Ke7 $15) 19... dxc5 $17 {
Leski,M-Bauer,C/FRA-ch 1997/0-1(42)}) 9... Qc7 10. d5 (10. Qc1 e5 11. dxe5 dxe5
12. Bh6 Nbd7 $5 13. Bxg7 Kxg7 14. e4 f4 15. Qa3 Re8 16. Rfd1 Nf8 17. Qd6 Qxd6
18. Rxd6 Bg4 $132 {B.Malich - Dolmatov, Bundesliga 1992}) 10... Na6 (10... h6 {
Schussler} 11. Rc1 Nh5 $6 12. e4 e5 $2 {Much too ambitious. White is ahead in
the development and is now happy to be able to open up the position.} (12... f4
$14) 13. dxe6 Bxe6 14. exf5 Bxf5 15. Nh4 $18 {1-0 Panchenko,A-Beshukov,S/Sochi
1990 (22)}) (10... e5 {Tyomkin,D} 11. dxe6 Bxe6 12. Ng5 Bc8 13. h4 (13. Rc1 h6
14. Nh3 g5) 13... Na6 14. Bf4 Rd8 15. Rc1 $14 {Langeweg,K-De Prado,O/Candas op
1992/0-1(40)}) 11. Rc1 (11. Nd4 $5 {Tyomkin,D} Bd7 12. e3 Nc5 13. Nce2 g5 14.
Rc1 (14. f4 $6 g4) 14... h6 15. Bc3 a5 16. Ba1 cxd5 17. cxd5 Qb6 18. Qc2 $14 {
Quinteros Miguel A-Rodriguez Andres/It (open) "Clarin", San Luis (Argentina
1995/1/2-1/2 (47)}) 11... Bd7 (11... e5 $5 $146 {The most logical continuation
Tyomkin,D} 12. dxe6 Bxe6 13. Ng5 Rfe8 14. Bf4 Rad8 15. Nd5 $1 (15. e4 $6 Nc5
16. Nxe6 Nxe6 17. Be3 fxe4 18. Nxe4 Nxe4 19. Bxe4 Qa5 20. Qc2 d5 $36) 15... Qd7
16. Nxf6+ Bxf6 17. Qd2 (17. e4 Nc5 18. Nxe6 Nxe6 19. Be3 fxe4 20. Bxe4 d5 21.
cxd5 cxd5 22. Bd3 $13 (22. Bg2 d4 23. Bd2 d3 $36)) 17... Qe7 18. e4 Bc8 19.
Rfe1 Be5 20. exf5 Bxf5 21. Nf3 Bxf4 22. Qxf4 $14) (11... Nc5 {Tyomkin,D} 12.
Be3 Bd7 $5 $146 (12... Nce4 13. Nxe4 Nxe4 14. Bd4 e5 15. dxe6 Bxe6 16. Bxg7
Qxg7 17. Nd4 (17. Qd4 Qxd4 18. Nxd4 Kf7 19. Rfd1 Rad8 20. e3 a5 21. Ne2 Nc5 22.
Nc3 Ke7 $10 {Nikolic,P-Dolmatov,S/Hastings A1 1989/1/2-1/2(32)}) 17... Rae8 18.
e3 Bf7 19. Qc2 d5 20. cxd5 {1/2-1/2 Lerner,K-Dolmatov,S/URS-ch56 Odessa 1989})
13. dxc6 (13. Ng5 $6 h6 14. b4 Na6) (13. Bd4 $5) 13... Bxc6 (13... bxc6 14. Ne5
$5 dxe5 15. Bxc5 Be6 16. e4) 14. Nd5 Qd8 15. Nd4 Bxd5 16. cxd5 $14 {Foisor,
C-Agrest,E/Open, Biel SUI 1997/0-1(35)}) 12. e4 $2 $146 {After this move it is
not so easy to take back a pawn} (12. Nd4 {Tyomkin,D} Qb6 13. Na4 $4 (13. Be3
$14) 13... Qxd4 $19 14. e3 Qg4 15. Bf3 Qh3 16. c5 Ng4 17. Bxg4 fxg4 {0-1 Tuzan,
O-Berkovich,M/Moscow5 1990}) 12... fxe4 13. Ng5 Bg4 14. Qe1 Nc5 15. Qe3 Bh6 $15
{/-/+} (15... e6 16. Ncxe4 (16. Nxe6 Nxe6 17. dxe6 Bxe6 18. Nxe4 Nxe4 19. Qxe4
Rae8 $10) 16... Nfxe4 17. Nxe4 Nxe4 18. Bxe4 exd5 19. cxd5 c5 $10) 16. h3 Bf3
$6 (16... Bxg5 $142 17. Qxg5 Bf3 18. Bxf3 exf3 19. Rce1 Qd7 20. Qh6 Rae8 $17) (
16... Bf5 17. g4) (16... Bd7 17. Qe2 (17. b4 $2 Nd3 18. Rb1 Ne5 $17)) 17. Bxf3
exf3 18. Qd4 (18. Qxf3 $2 Nfe4 $19) 18... Qd7 19. Kh2 Bxg5 20. Bxg5 Qf5 (20...
e5 $5 21. Qh4 Ne8 $15) 21. Bh6 Rf7 22. g4 $1 (22. Rfd1 Qh5 $1 23. Be3 Nce4 $1 (
23... e5 24. dxe6 Nxe6 25. Qh4 $8 Qxh4 26. gxh4 Rd7 27. Kg3 $15) 24. h4 $8 (24.
Nxe4 Ng4+ 25. Kg1 Qxh3 $19) (24. Rh1 Nxc3 25. Rxc3 cxd5 $19) 24... Qf5 25. Nxe4
Nxe4 26. Bf4 g5 $17) 22... Qd3 $2 (22... Qd7 23. Qe3 e5 {and black keeps the
extra pawn}) 23. Rfd1 Qxd4 24. Rxd4 {In the ending the f-pawn turns to
weekness,also Rf7 has no moves.} Ncd7 25. Re1 c5 26. Rdd1 Ne5 27. Kg3 a6 28. a4
Rb8 29. Bf4 Nfd7 30. Bh6 $1 {preparing monouevre Ne4-g5 which gives a draw} b6
31. Ne4 b5 32. cxb5 axb5 33. Ng5 Rf6 34. Ne4 Rf7 35. Ng5 Rf6 36. Ne4 1/2-1/2

[Event "Capablanca Memorial Premier 33rd"]
[Site "Havana"]
[Date "1998.05.11"]
[Round "5"]
[White "Siegel, Georg"]
[Black "De la Riva Aguado, Oscar"]
[Result "0-1"]
[WhiteElo "2540"]
[BlackElo "2495"]
[Annotator "Tyomkin,D"]
[PlyCount "54"]
[EventDate "1998.05.07"]
[EventType "tourn"]
[EventRounds "13"]
[EventCountry "CUB"]
[EventCategory "8"]
[SourceTitle "CBM 065"]
[Source "ChessBase"]
[SourceDate "1998.08.06"]
[SourceVersion "1"]
[SourceVersionDate "1998.08.06"]
[SourceQuality "1"]

{[%mdl 16416]} 1. d4 f5 2. g3 Nf6 3. Bg2 g6 4. Nf3 Bg7 5. c4 O-O 6. Nc3 d6 7.
O-O c6 8. d5 e5 9. dxe6 Bxe6 10. Qd3 Ng4 11. Ng5 (11. Bg5 Qc7 (11... Qa5 12.
Qxd6 Bxc4 13. h3 Ne5 14. Nd2 Re8 $11 {Munoz,G-Mellado,J/Ibercaja op 1994/0-1 
(58)}) (11... Bf6 12. Bxf6 Qxf6 13. b3 Na6 14. Rac1 Rad8 15. Qd4 Qxd4 16. Nxd4
Bf7 $11 {Zaitsev,V-Touzane,O/Budapest FS10 IM-B 1995/1/2-1/2(44)}) 12. Nd4 Bf7
13. b3 Na6 14. Rad1 Nc5 15. Qd2 (15. Qc2 Bxd4 16. Rxd4 Ne6 17. Rxg4 fxg4 18.
Bh6 Ng7 19. Ne4 $44 {Wiedenkeller,M-Gretarsson,H/Rilton Cup 1991/1/2-1/2(34)})
15... Rfe8 16. Bf4 Rad8 17. f3 Ne5 18. Kh1 Qa5 19. Qc2 Ne6 $15 {Calvo,J-Ochoa
de Echaguen,F/ESP-chT 1995/1/2-1/2(38)}) (11. b3 Na6 12. Bb2 (12. Ba3 Qa5 13.
Bb2 Rad8 14. Rad1 Rfe8 15. Qc2 d5 16. Ng5 Nb4 17. Qb1 d4 $132 {Izeta Txabarri,
F-Magem Badals,J/Las Palmas3 1993/1-0(37)}) 12... Nc5 13. Qd2 Qe7 14. Rad1 Rad8
15. h3 Nf6 16. Nd4 Bf7 17. e3 Rd7 18. Qc2 Rfd8 $11 {Hausrath,D-Kalinitschew,S/
Muenster op 1993/0-1 (54)}) 11... Bc8 (11... Re8 12. Nb5 h6 13. Nxe6 Rxe6 14.
Nd4 Rf6 15. b4 Na6 16. Rb1 Qe7 17. e3 $14 {Roeder,M-Ruckschloss,K/Cappelle op
1995/1/2-1/2 (55)}) (11... Qe7 $2 12. Nd5 $1 Bxd5 (12... cxd5 13. Nxe6 $18) 13.
cxd5 c5 14. Ne6 Re8 15. e4 $16 fxe4 16. Qxe4 Nf6 17. Qh4 Na6 18. Bd2 Nc7 19.
Rae1 Qf7 20. Ng5 Qf8 21. Bh3 Rxe1 22. Rxe1 Re8 23. Be6+ Nxe6 24. Nxe6 Qf7 25.
Re3 Qd7 26. Qg5 Nh5 27. Bc3 Bxc3 28. bxc3 Ng7 29. Qf6 Nf5 30. Rf3 Qe7 31. Qxe7
Nxe7 32. c4 Nf5 33. Kf1 Ng7 34. Nc7 Re4 35. Rc3 Nf5 36. a4 Re7 37. Ne6 Ng7 38.
Nxg7 Kxg7 39. f3 Kf6 40. Kf2 b6 41. Re3 Rd7 42. Re6+ Kg7 43. Ke3 Kf7 44. f4 a6
45. Kd3 Rd8 46. g4 Rd7 47. g5 Kf8 48. h4 Kf7 49. Ke4 Kf8 50. f5 gxf5+ 51. Kxf5
Kg7 52. h5 Rf7+ 53. Ke4 Rd7 54. Rf6 Rd8 55. Kf5 b5 56. axb5 {Ostenstad,
B-Gretarsson,H/Troll Masters 1992/1-0 (69)}) 12. Qc2 $146 (12. e4 Na6 13. Qe2
Nc5 14. h3 Nf6 15. exf5 Bxf5 16. Rd1 Re8 17. Be3 Nfe4 18. Ngxe4 Nxe4 19. Nxe4
Bxe4 20. Rd2 Bxg2 21. Kxg2 Re6 22. Rad1 Qe7 $11 {Spraggett,K-Mellado,J/
Barcelona 1993/1-0 (77)}) 12... Na6 13. Nf3 $6 (13. e4 $5) 13... Nc5 14. b3 (
14. b4 Ne4 15. Bb2 Qe7 (15... Nexf2 $5 16. Rxf2 Nxf2 17. Kxf2 Qb6+ 18. Kf1 Qxb4
19. Qb3 $14) (15... Qb6 16. Nxe4 Bxb2 17. Qxb2 fxe4 18. Nd4 c5 19. Nb5 cxb4 20.
Bxe4 Be6 21. Qd4 Qxd4 22. Nxd4 Bxc4 23. Bxb7 $14) 16. Nxe4 (16. h3 Nxc3 17.
Bxc3 {[%tqu "En","","","","g4e3","",10]} Ne3 $1) (16. Nd1 f4 $1 17. Bxg7 Qxg7
$1 {[%csl Ra1][%cal Gc8f5]}) 16... Bxb2 17. Qxb2 fxe4 18. Nd4 Bf5 $132) 14...
Qe7 15. Bb2 f4 $1 {[%cal Gc8f5]} 16. Rad1 Bf5 17. Qd2 fxg3 18. hxg3 Rad8 19. b4
$2 {[%csl Rc4]} (19. Nd4 $142 Bc8 (19... Bh6 $140 20. Nxf5) 20. b4 (20. e4 $5)
20... Ne6 21. Nc2 Bh6 22. f4 $14 {[%cal Ge2e4]}) 19... Bh6 20. Qe1 (20. Qd4 Ne6
(20... Bg7 21. Qd2 Bh6 $11) 21. Qxa7 (21. Nd5 cxd5 22. Qh8+ Kf7 23. Qxh7+ Ke8
$17) 21... Ra8 22. Qb6 Ra6 $19) 20... Nd7 {[%cal Gd7e5]} 21. e4 $2 (21. Nd4
Nde5 $17) 21... Be6 $19 {[%csl Rc4]} 22. Qe2 Nde5 23. Nxe5 Nxe5 24. Rd4 Qf7 25.
f4 Bxc4 26. fxe5 Bxe2 27. Rxf7 Be3+ (27... Be3+ 28. Kh2 Bxd4 29. Nxe2 Bxb2 30.
Rxb7 Bxe5 31. Rxa7 Ra8 $19) 0-1

[Event "RUS-Cup Final"]
[Site "Sochi"]
[Date "1997.09.26"]
[Round "9"]
[White "Yakovich, Yuri"]
[Black "Malaniuk, Vladimir P"]
[Result "0-1"]
[WhiteElo "2610"]
[BlackElo "2615"]
[Annotator "Tyomkin,D"]
[PlyCount "36"]
[EventDate "1997.09.17"]
[EventType "tourn"]
[EventRounds "11"]
[EventCountry "RUS"]
[EventCategory "13"]
[SourceTitle "CBM 062"]
[Source "ChessBase"]
[SourceDate "1998.01.31"]
[SourceVersion "1"]
[SourceVersionDate "1998.01.31"]
[SourceQuality "1"]

1. d4 f5 2. g3 Nf6 3. Bg2 g6 4. Nf3 Bg7 5. O-O O-O 6. c4 d6 7. Nc3 c6 8. d5 e5
9. dxe6 Bxe6 10. Qb3 $6 (10. Qd3 $142 {CBM 60-7...c6 8.d5 e5 9de6 Be6 10Qd3/
Survey 1997(23) Chuchelov,V}) 10... b5 11. Nd4 (11. Nd2 $2 {Tyomkin,D} a6 12.
a4 Qa5 13. Na2 Ne4 14. Nxe4 fxe4 15. Qb4 Qxb4 16. Nxb4 bxc4 17. Bxe4 d5 18. Bg2
a5 $17 {Boehnke,M-Jahr,U/Porz op22 1989/0-1(27)}) 11... Bxc4 12. Qc2 b4 $1 (
12... Ne4 $2 {Tyomkin,D} 13. Nxe4 Bxd4 (13... fxe4 14. Be3 (14. Qxe4) 14... c5
$140 15. Ne6 $1 Bxe6 16. Qxe4 {[%csl Ra8,Re6]}) 14. Bg5 Qc7 15. Rad1 $1 Be5 (
15... fxe4 16. Rxd4 $16 {[%cal Rb2b3]}) 16. f4 $1 Bg7 (16... fxe4 17. fxe5
Rxf1+ 18. Rxf1 dxe5 19. Qxe4 $36) 17. Nxd6 $16 {Ondy-Kungel/Berlin op 1987/1-0
(39)}) 13. Ne4 $2 (13. Na4 $142 Bf7 $1 (13... Bd5 $6 14. Nxc6 Nxc6 15. Bxd5+
Nxd5 16. Qxc6 Qa5 17. Rd1) 14. Rd1 $142 $1 $44 {[%csl Rb8,Rc6,Gg2] white has
some compensation,because the weekness of-c6.} (14. Nxc6 Nxc6 15. Qxc6 Rc8 (
15... Qa5 16. a3 $1 Rac8 17. axb4 Qxb4 18. Qb7 $1 $15) 16. Qa6 (16. Qb7 $2 Qa5
17. b3 Ne4 18. Bb2 Rc7 $1 {[%csl Rb7]}) 16... Qd7 $17) 14... Qe7 $142 $13 (
14... Qa5 $2 15. Bf4) (14... a5 15. Nxc6 Nxc6 16. Qxc6 d5 $13)) 13... Nxe4 $17
14. Nxc6 $4 (14. Qxc4+ d5 $1 (14... Rf7 15. Ne6 (15. Nxc6 {-14.Nxc6}) 15... Qe7
16. Nxg7 Kxg7 17. Qxb4 $16 {^^}) 15. Qxb4 c5 $1 (15... Na6 16. Qa4 Nac5 17. Qd1
Qf6 18. Be3 $16) 16. Qb7 cxd4 17. Qxa8 Qd7 {[%csl Ra8][%cal Gb8c6] catching
the queen}) (14. Bxe4 d5 $1 15. Ne6 Qe7 $19) 14... Qc7 15. Qxc4+ Rf7 $1 {
[%cal Yf7c7] Yakovich missed this move.Now white doesn't have Ne5,because Qc7
protected byR} 16. Na5 Qxa5 17. Qc8+ Rf8 18. Qb7 Na6 0-1

[Event "RUS-Cup4"]
[Site "Perm"]
[Date "1997.??.??"]
[Round "8"]
[White "Filippov, Valerij"]
[Black "Potapov, Alexander"]
[Result "1-0"]
[WhiteElo "2510"]
[BlackElo "2455"]
[Annotator "Tyomkin,D"]
[PlyCount "61"]
[EventDate "1997.02.02"]
[EventType "swiss"]
[EventRounds "9"]
[EventCountry "RUS"]
[SourceTitle "CBM 058"]
[Source "ChessBase"]
[SourceDate "1997.06.01"]
[SourceVersion "1"]
[SourceVersionDate "1997.06.01"]
[SourceQuality "1"]

1. Nf3 f5 2. c4 Nf6 3. g3 g6 4. Bg2 Bg7 5. O-O O-O 6. d4 d6 7. Nc3 Qe8 8. Re1
c6 9. b3 (9. e4 Nxe4 10. Nxe4 fxe4 11. Rxe4 Bf5 12. Re3 Nd7 13. b4 Bg4 14. Bb2
Bh6 15. Re4 Bxf3 16. Bxf3 Qf7 17. Kg2 e5 $1 18. dxe5 Nxe5 19. Bxe5 dxe5 20. Qe2
$14 {Gheorghiu - Grigorov, Praha zt 1985-39/(144)}) 9... Na6 10. Bb2 e5 $146 (
10... Bd7 $6 11. e4 fxe4 12. Nxe4 Nxe4 13. Rxe4 Bf5 14. Re3 {[%cal Ge3e7]} Nb4
15. Nh4 $1 Bd7 16. Qd2 Na6 {()} 17. Rae1 Rf7 18. f4 Bf6 19. Nf3 h6 20. Ne5 $1 {
typical idea in this structure} Rh7 21. Nxd7 Qxd7 22. d5 $16 {Vyzmanavin,
A-Sanz Alonso,F/Benidorm op 1993 (33)/1-0}) (10... Ne4 $5 11. Qb1 (11. Nxe4
fxe4 12. Nd2 (12. Ng5 d5) 12... d5 13. f3 $13) 11... Nxc3 12. Bxc3 Nc5 13. Nd2
Qf7 14. Qc1 Ne4 15. Nxe4 fxe4 16. Qe3 d5 {Horak,J-Danner,G/Hradec Kralove op
1992 (52)/0-1}) 11. e4 $1 {[%cal Ge1e8]} f4 (11... fxe4 12. Nxe4 Nxe4 13. Rxe4
Bf5 14. Re3 Rd8 (14... Nb4 15. Nh4 $1 $16) 15. dxe5 Bh6 (15... dxe5 16. Qe1 e4
17. Bxg7 Kxg7 18. g4 $1 $16) 16. Re1 $16) 12. Ba3 c5 (12... exd4 13. Nxd4 (13.
e5 dxe5 14. Rxe5 dxc3 $1 15. Rxe8 Rxe8 $132) 13... fxg3 14. hxg3 Qe5 $14 {
[%cal Ge5a5]}) 13. Nb5 exd4 (13... Qe7 14. dxe5 dxe5 15. gxf4 exf4 16. e5 Ng4
17. Nd6 Be6 18. Qd2 $16 {[%cal Ga1d1]}) 14. Nxd6 Qe7 $4 {[%cal Ga3e7]} (14...
Qe6 15. e5 {[%cal Gf3d4,Yg2d5]}) (14... Qd8 $142 15. e5 Ng4 16. Nxc8 (16. h3 $6
Nxe5 17. Nxe5 Qxd6 18. Bd5+ Kh8 $15) 16... fxg3 (16... Rxc8 17. h3 Nh6 18. g4
$16) 17. hxg3 $16 {[%cal Gg2h3,Ga3c1] ^^}) 15. e5 Ng4 16. Nxc8 Raxc8 17. Qxd4
$1 $18 Rce8 (17... cxd4 18. Bxe7 Rfe8 19. Bd6 $18) 18. Qe4 g5 (18... Nxe5 19.
Qd5+ Kh8 20. Nxe5 Bxe5 21. Bb2 $18) 19. Rad1 Nb4 20. e6 Nf6 21. Qb1 fxg3 22.
hxg3 Bh6 23. Bxb4 {[%cal Gf3d4,Gd4f5]} cxb4 24. Nd4 Ng4 25. Nf5 Qc5 26. Nxh6+
Nxh6 27. Re2 Ng4 28. Rd5 {[%cal Gd5c5,Gd5g5]} Qe7 29. Rd7 Qxd7 30. exd7 Rxe2
31. Qd1 1-0

[Event "RUS-ch"]
[Site "Elista"]
[Date "1996.??.??"]
[Round "2"]
[White "Rashkovsky, Nukhim N"]
[Black "Shovunov, Baatr"]
[Result "1-0"]
[WhiteElo "2530"]
[BlackElo "2320"]
[Annotator "Tyomkin,D"]
[PlyCount "75"]
[EventDate "1996.10.15"]
[EventType "swiss"]
[EventRounds "11"]
[EventCountry "RUS"]
[SourceTitle "CBM 056"]
[Source "ChessBase"]
[SourceDate "1997.02.01"]
[SourceVersion "1"]
[SourceVersionDate "1997.02.01"]
[SourceQuality "1"]

1. Nf3 {Hecht} f5 2. g3 Nf6 3. Bg2 g6 4. O-O Bg7 5. d4 O-O 6. c4 d6 7. Nc3 c6
8. Qc2 Na6 9. Bg5 Qe8 10. Rfe1 $146 (10. a3 e5 11. Bxf6 Rxf6 12. e3 Nc7 13. b4
Be6 14. Ne2 e4 15. Nd2 g5 $36 {De Las Heras Juan Carlos-Rodriguez Andres/It
open 1996/0-1 (45)}) 10... Qf7 (10... e5 $5) 11. b3 Nb4 12. Qd2 Ne4 13. Nxe4
fxe4 14. Qxb4 exf3 15. exf3 Bxd4 16. Bxe7 Re8 17. Bxd6 Bxa1 18. Rxa1 {the
result of last moves operation-white has a couple of pawns for exchange and
very promising position} a5 $1 {black opens more files for his rooks} 19. Qd2
$6 (19. Qc5 $142 $14) 19... a4 20. Rc1 axb3 21. axb3 Rd8 22. b4 Be6 23. c5 Ra2
24. Qg5 Rda8 25. h4 Bd5 26. Re1 Re8 (26... Bxf3 27. Re7 Bxg2 (27... Rxf2 28.
Kxf2 Ra2+ 29. Ke3 Re2+ (29... Qb3+ 30. Kf4 $18) 30. Kd4 Rxe7 31. Bxf3 Re1 32.
Qf4 $18) 28. Rxf7 Bd5 29. Rg7+ Kxg7 30. Be5+ Kf7 31. Qf6+ Ke8 32. Qh8+ $18) 27.
Rxe8+ Qxe8 28. Be5 Re2 29. f4 Re1+ 30. Kh2 Bxg2 31. Kxg2 {[#]_|_ Hecht
Mattangriff auf der langen Diagonalen führt zum gewinnbringenden
Generalabtausch; bessere Verteidigungen waren möglich.} Qd7 $2 (31... Qe6 32.
Qd8+ Kf7 33. Qc7+ Qe7 (33... Ke8 $2 34. Qxh7 Qd5+ 35. f3 Qd2+ 36. Kh3 $18) 34.
Qc8 Rd1 $15) 32. Qf6 Qd5+ 33. Kh3 Qd7+ $4 (33... Rh1+ {was the last chance for
black to fight for a draw,or maybe more! Move in the game is losing immidiatly}
34. Kg4 Qd1+ $1 {It's importent to make white play f2-f3 for the forthcoming
endgame} (34... Qd7+ 35. Kg5 (35. Kf3 Qd5+ 36. Ke2 Qd1+ 37. Ke3 Re1#) 35...
Qf5+ (35... h6+ 36. Kxg6 Qh7+ 37. Kh5) 36. Qxf5 gxf5 37. Kxf5 Kf7 $1 $16 (37...
Rb1 38. Ke6 Rxb4 39. f5 Rb3 40. f4 $18) (37... Kf7 {Hecht} 38. Kg5 $18 {
[%cal Rg5h6,Rg3g4,Rf4f5,Rh4h5] Analyse!})) 35. f3 Qd7+ 36. Kg5 Qf5+ 37. Qxf5
gxf5 38. Kxf5 Kf7 {now bishop can't protect kingside's pawns-a result of
intermidiate check-34...Qd1,and black has good chances to draw}) 34. Kh2 h5 (
34... Rd1 {Hecht} 35. Qh8+ Kf7 36. Qxh7+ Ke6 37. Qxg6+ Kd5 38. h5 Kc4 39. h6
Qd5 40. Kh3 Rh1+ 41. Kg4 Qd1+ 42. f3 Qd7+ 43. f5 $18) 35. Qxg6+ Kf8 36. Bd6+
Re7 37. Qf6+ Ke8 38. Qxe7+ 1-0

[Event "Pamplona 0102"]
[Site "Pamplona"]
[Date "2001.12.29"]
[Round "3"]
[White "Andersson, Ulf"]
[Black "De la Riva Aguado, Oscar"]
[Result "1-0"]
[WhiteElo "2601"]
[BlackElo "2495"]
[Annotator "Tyomkin,D"]
[PlyCount "81"]
[EventDate "2001.12.27"]
[EventType "tourn"]
[EventRounds "9"]
[EventCountry "ESP"]
[EventCategory "14"]
[SourceTitle "CBM 087"]
[Source "ChessBase"]
[SourceDate "2002.03.21"]
[SourceVersion "1"]
[SourceVersionDate "2002.03.21"]
[SourceQuality "1"]

1. Nf3 f5 2. g3 Nf6 3. Bg2 g6 4. d4 Bg7 5. O-O O-O 6. c4 d6 7. Nc3 c6 8. d5 e5
9. dxe6 Bxe6 10. b3 Na6 11. Bb2 {White has some alternatives here, and the
main one is:} (11. Ng5) 11... Qe7 12. Ng5 Rad8 13. Nxe6 Qxe6 14. Qc2 (14. e3 {
Hansen,Cu} Nc7 $1 {/\d5} (14... Nc5 {Hansen,Cu} 15. Qc2 $14 {><d6}) 15. Qc2 d5
16. cxd5 Ncxd5 17. Nxd5 Nxd5 18. Bxg7 Kxg7 19. Rad1 {/\Lxd5+/=} Nf6 20. Qc3 Qe7
{/\c5} 21. b4 Rxd1 22. Rxd1 Rd8 23. Rd4 (23. Rxd8 {Hansen,Cu} Qxd8 24. Bf3 Qd6
$10 (24... g5 $6 25. h3 Kg6 (25... h5 $2 26. Bxh5) 26. g4 $14)) 23... Qe5 24.
f4 Qe7 25. h3 h5 26. Kf2 Rxd4 27. Qxd4 Kf7 28. Bf3 {1/2-1/2 Hansen,C-Lobron,E/
Hamburg 1991/CBM 24/[Hansen,Cu] (28)} (28. Qxa7 {Hansen,Cu} Qxb4 $15)) (14. Qd2
{Pointless; The right square for white queen is c2;} Rfe8 15. Rad1 Nc5 16. e3
Nfe4 17. Qc2 Nxc3 18. Bxc3 Bxc3 19. Qxc3 Qe5 {1/2-1/2 Serper,G-Dolmatov,S/
Novosibirsk 1993/CBM 36 (19)}) ({Dubious is:} 14. Rc1 Rfe8 (14... d5 $5) (14...
Ne4 $5) 15. e3 Qf7 16. Rc2 Rd7 17. Rd2 Red8 {Black played passively, but it
was enought to keep the balance;} 18. Qe2 d5 19. cxd5 Nc7 20. d6 Rxd6 $11 {
1/2-1/2 Alterman,B-Oratovsky,M/ISR-chT 1996/CBM 52 ext (36)}) 14... Rfe8 (14...
Nb4 {just wrong direction for this knight;} 15. Qd2 {[%csl Rb4]}) 15. Rad1 (15.
e3 Nc5 16. Ne2 Nce4 {1/2-1/2 Horvath,C-Barbero,G/AUT-chT 1994/TD (16)}) 15...
Nc5 {[%cal Yc5e4,Yf6e4] the target square is e4;} 16. e3 Rd7 $146 {16...Nfe4
looks as the most exact way to equalize;} (16... Nce4 17. Nxe4 Nxe4 18. Bxg7
Kxg7 19. Rd4 Nf6 20. Rfd1 Re7 21. b4 $14 {0-1 Schlosser,P-Bricard,E/
Montpellier 1993/EXT 97 (47)}) (16... Nfe4 17. Ne2 (17. Nxe4 fxe4 $5 (17...
Nxe4 {-see 16..Nce4;}) 18. Bxg7 Kxg7 19. b4 Nd3 20. Bxe4 Nxf2 21. Qxf2 Qxe4 22.
Qf6+ $11) 17... Bxb2 18. Qxb2 Qe5 19. Qc2 Na6 20. a3 Nc7 21. b4 Kg7 22. Rd3 Re7
{1/2-1/2 Lukacs,P-Agrest,E/Gyula 1997/CBM 58 ext (22)}) 17. b4 Nce4 18. Nxe4
fxe4 19. b5 $14 {opening lines and diagonals for bishops and rooks; White got
slight advantage which is typical for Dutch Leningrad, but this is always very
difficult to break thru black's position;} cxb5 20. cxb5 h5 $5 {[%cal Yf6g4]
black sacures g4 spot for the knight;} (20... d5 21. Bd4 $14) (20... Qxa2 21.
Ra1 Qe6 22. Rxa7 $14) 21. Rd2 Qxa2 22. Ra1 Qe6 {All trades are usually in
blacès favour;} 23. Rxa7 d5 24. Qb3 Ng4 25. Bxg7 Kxg7 26. Bh3 Rc8 27. Qd1 Rc4 {
It was right time to put pressure on only weakness fo white-b5 pawn;} (27...
Rc5 $1 $11 {[%csl Rb5][%cal Gd7c7]}) 28. Ra1 Qf6 $6 {It loses a tempo- g4 has
to be guarded by queen anyhow;} (28... Rc5 {[%csl Rb5]} 29. Rb1 Rdc7 $11) 29.
Rb1 Qf5 30. b6 {Now black has temporarely lost access to c-file for Rd7;} Rc5
31. Rb4 Kh7 (31... Rd6 32. Bxg4 hxg4 33. Rc2 $1 (33. Rbd4 Rxb6 34. Rxd5 Rxd5
35. Rxd5 Rb1 $1) 33... Rxc2 34. Qxc2 Kh7 (34... Rc6 35. Qxc6 $1 bxc6 36. b7 Qf3
37. Rb1 $1 $18) 35. Qc7+ Rd7 36. Qc5 $14 {d5 is weak, and white controls
c-file here;}) 32. Rbd4 Rd6 33. Bxg4 Qxg4 $4 {[%mdl 8192] Tactical blunder,
which was made probably in time-pressure;} (33... hxg4 34. Rc2 Rxc2 35. Qxc2
Rc6 36. Qb3 Qf3 {and black is not worse thanks to control of c-file and
weakness of white king;}) 34. Qxg4 hxg4 35. Rxe4 {[%cal Yd2d6]} Rxb6 36. Rxg4
Kg7 37. h4 {[%cal Rh4h5]} Kf6 38. Kg2 Re6 39. Rgd4 {White is up a pawn, and
the rest of black pawns remain weak;} Re5 $2 {It loses another pawn; More
resistant was:} (39... Ke5 40. f4+ Kf6 (40... Kd6 41. e4 {[%cal Yd4d6]}) 41.
Rxd5 Rxd5 42. Rxd5 Rxe3 43. Rb5 Re7 44. Rb6+ $18 {[%cal Gg2f3] and white is
winning thanks to the active rook and pawn majority over the kingside-not a
big deal for the big master of endgames- Ulf Andersson;}) 40. Rb4 Rc7 41. Rb6+
(41. Rb6+ Kf7 (41... Kg7 42. Rd6 Rc5 43. Rd7+ {[%csl Yb7]}) 42. Rd6 Rc5 43.
Rd7+ Re7 44. R2xd5 $18) 1-0